00712nam a2200241 a 4500001001300000003000900013005001700022008004100039020002300080082001500103100001500118245002300133260006200156300000900218500003500227505002400262650002100286700001500307902000800322942000700330952011600337999001700453nice12345678IN_TiNIC20260116013333.0050524s1998 newa grp 000 0 eng  a8185636 c40000a181.4bDUB aDubey, S P aPhilosophy of Life aNew DelhibIndian Council of Philosophical Researchc1998 a348p aincludes index and biblioraphy2 aBibliography, Index aPhilosophy-Hindu1 aDubey, S P bSRS cBK 001040708StackRoom-aHMIbHMId2007-07-31g400.00l0o181.4 DUBp018588r2018-09-05v400.00w2005-05-24yBK c10602d10602